Central Library OPAC University of Rajshahi
Normal view MARC view

Entry Personal Name

Number of records used in: 1

001 - CONTROL NUMBER

  • control field: 14750

003 - CONTROL NUMBER IDENTIFIER

  • control field: BD-RjUL

005 - DATE AND TIME OF LATEST TRANSACTION

  • control field: 20250102120022.0

008 - FIXED-LENGTH DATA ELEMENTS

  • fixed length control field: 250102|| aca||aabn | a|a d

040 ## - CATALOGING SOURCE

  • Original cataloging agency: BD-RjUL
  • Transcribing agency: BD-RjUL

100 ## - HEADING--PERSONAL NAME

  • Personal name: তালিব, আব্দুল মান্নান

670 ## - SOURCE DATA FOUND

  • Source citation: Work cat.: (BD-RjUL)84568: মওদূদী, সাইয়েদ আবুল আ'লা 14749, ইসলামী আন্দোলন :, [১৯৮০?]